Lékařská biofyzika a přístrojová technika /

Hlavní autor: Hrazdira, Ivo, 1930-
Další autoři: Mornstein, Vojtěch, 1955-
Jazyk: Čeština
Vydáno: Brno : Neptun, 2001
Vydání: 1. vyd.
Témata:
Externí odkaz: Digitalizovaný dokument
Fyzický popis: 381 s. : il. ; 23 cm
Knihy
Uloženo v:
LEADER 01696nam a2200409 a 4500
001 000580949
003 CZ BrMZK
005 20061026125750.0
007 ta
008 011210s2001 xr e p cze d
015 |a cnb001034345 
020 |a 80-902896-1-4 
035 |a (OCoLC)51192006 
040 |a BOA001  |b cze 
072 7 |a 616  |x Patologie. Klinická medicína  |2 Konspekt  |9 14 
072 7 |a 37.016  |x Učební osnovy. Vyučovací předměty. Učebnice  |2 Konspekt  |9 22 
080 |a 61:577.3  |2 MRF 
080 |a 616-71  |2 MRF 
080 |a 616-07  |2 MRF 
080 |a (075.8)  |2 MRF 
100 1 |a Hrazdira, Ivo,  |d 1930-  |7 jk01042683  |4 aut 
245 1 0 |a Lékařská biofyzika a přístrojová technika /  |c Ivo Hrazdira, Vojtěch Mornstein 
250 |a 1. vyd. 
260 |a Brno :  |b Neptun,  |c 2001 
300 |a 381 s. :  |b il. ;  |c 23 cm 
504 |a Obsahuje bibliografii a rejstřík 
650 0 7 |a lékařská biofyzika  |7 ph115190  |2 czenas 
650 0 7 |a lékařské přístroje  |7 ph122513  |2 czenas 
650 0 7 |a diagnostika (lékařství)  |7 ph114312  |2 czenas 
655 7 |a učebnice vysokých škol  |7 fd133772  |2 czenas 
700 1 |a Mornstein, Vojtěch,  |d 1955-  |7 jn99240000734  |4 aut 
856 4 1 |u http://www.digitalniknihovna.cz/mzk/uuid/uuid:696c1c20-2800-11e2-9f39-005056827e51  |y Digitalizovaný dokument  |x NDK 
910 |a BOA001  |b 2-1094.992 
990 |a BK 
996 6 |b 2610150103  |c 2-1094.992  |l MZK  |r Sklad / do 1 hodiny  |n 15  |p p.v.  |w 000580949  |u 000010  |a 1  |e BOA001  |j MZK50  |s P 
996 7 |b 2610151805  |c 2-1094.992  |l Vol.výběr  |r VV 0p  |n 123  |p kup  |h 577 HRA  |w 000580949  |u 000020  |a 0  |e BOA001  |j MZK50  |s A 
996 7 |b 2610151806  |c 2-1094.992  |l Vol.výběr  |r VV 0p  |n 124  |p kup  |h 577 HRA  |w 000580949  |u 000030  |a 0  |e BOA001  |j MZK50  |s A